Normal view
MARC view
Entry Topical Term
001 - CONTROL NUMBER
- control field: 15598
003 - CONTROL NUMBER IDENTIFIER
- control field: HDC
005 - DATE AND TIME OF LATEST TRANSACTION
- control field: 20230624073448.0
008 - FIXED-LENGTH DATA ELEMENTS
- fixed length control field: 210218|| aca||aabn | a|a d
040 ## - CATALOGING SOURCE
- Original cataloging agency: HDC
- Transcribing agency: HDC
150 ## - HEADING--TOPICAL TERM
- Topical term or geographic name entry element: Halal food producer
670 ## - SOURCE DATA FOUND
- Source citation: Work cat.: (HDC): Ashfaq Ahmad, author 15597, Co-op Islami increases sales by 29% in 2004 /, 2005
